| 000 | 00627nam a2200181 a 4500 | ||
|---|---|---|---|
| 001 | 2026 | ||
| 003 | CDMR | ||
| 005 | 20130405113001.0 | ||
| 008 | 130130s1993||||||||||||||||||||||||||||d | ||
| 040 |
_aCDMR _bcat _cCDMR |
||
| 100 | 1 |
_9417 _aGuillamet, Jaume |
|
| 245 | 1 | 3 |
_aLa formació de la premsa moderna _b: periodisme informatiu, polític i cultural a la Barcelona progressista _cJaume Guillamet |
| 260 |
_aBarcelona _c1993 _bGeneralitat de Catalunya. Centre d'Investigació de la Comunicació |
||
| 300 |
_a210 p ; _c22 cm |
||
| 490 | 0 |
_aEstudis i recerques _v7 |
|
| 650 | 0 | 4 |
_91509 _aPremsa _zBarcelona _y1840-1843 |
| 942 |
_cMON _2udc |
||
| 999 |
_c2026 _d2026 |
||